Subjekty stanovujúce cenu v klasickom a reverznom dodávateľskom reťazci

Cenu, resp. cenovú politiku si v rámci dodávateľského reťazca stanovujú jeho jednotlivé subjekty, a to buď samostatne alebo spoločne. V klasickom dodávateľskom reťazci sa tovar prepravuje od výrobcu k spotrebiteľovi, a teda o cene rozhodujú subjekty zapojené do tohto procesu prepravy tovaru k spotre...

Descrizione completa

Salvato in:
Dettagli Bibliografici
Autore principale: Gežík, Pavel, 1983-
Natura: Capitolo di libro
Lingua:slovacco
Soggetti:
Tags: Aggiungi Tag
Nessun Tag, puoi essere il primo ad aggiungerne!!

MARC

LEADER 00000nla a2200000 4500
001 0174587
005 20240716092505.4
041 0 |a slo 
044 |a SK 
245 1 0 |a Subjekty stanovujúce cenu v klasickom a reverznom dodávateľskom reťazci  |c Pavel Gežík 
520 |a Cenu, resp. cenovú politiku si v rámci dodávateľského reťazca stanovujú jeho jednotlivé subjekty, a to buď samostatne alebo spoločne. V klasickom dodávateľskom reťazci sa tovar prepravuje od výrobcu k spotrebiteľovi, a teda o cene rozhodujú subjekty zapojené do tohto procesu prepravy tovaru k spotrebiteľovi. Ak sa jedná o reverzný dodávateľský reťazec, tak sú do tvorby cien zahrnuté i ďalšie subjekty. Práve tieto subjekty nemusia mať priamy vplyv na cenovú politiku jednotlivých subjektov klasického dodávateľského reťazca. Z toho dôvodu treba pre stanovovanie ceny poznať celú štruktúru a všetky subjekty dodávateľského reťazca. Reverzné dodávateľské reťazce vznikajú za účelom znovuzhodnocovania už raz použitých materiálov. Toto znovuzhodnotenie môže mať pozitívny vplyv na cenu výrobku, keďže znižuje náklady na nákup nového materiálu. 
610 2 0 |a reťazce distribučné 
610 2 0 |a reťazce dodávateľsko-odberateľské 
610 2 0 |a ceny 
610 2 0 |a distribúcia 
100 1 |a Gežík, Pavel, 1983-